01839agaaa2200313 45000010005000000030009000050050017000140070009000310080040000400400023000800410013001031000044001161300025001602400029001852450170002142460022003842500022004062600134004283000032005625080141005945110093007355200440008285380016012685460013012846500059012977000055013567000056014117000058014676768IT-RoPAU20220918181237.0d cvaizq50131s9999||||xx ||| | || ||und|| aIT-RoPAUcIT-RoPAU aITALIANO aRenoir JeangCodice regista SPICS: 2117 aANGELO DEL MALE (L') aBETE HUMAINE (LA)gT3612 aANGELO DEL MALE (L')cProdotto da: Hakim Robert -- Sceneggiatura: Remoir Jean -- Diretto da: Renoir JeanpANGELO DEL MALE (L') (Rif. Codice opera principale : H6768) aBETE HUMAINE (LA) aEdizione Standard a(FRANCIA)bPARIS FILM PROD. - ROBERT HAKIM / Distribuzione: MULTIMEDIA SAN PAOLOg"1938 (1° ed.: 2006 ; Ed. Lingua Orig.: 1938)" aDVDbsonoro, b&wc93 minuti a"Fotografia: Courant Curt; Montaggio: De Troeye Suzanne; Musica: Kosma Joseph; Sceneggiatura: Remoir Jean; Scenografia: Lourie Eugene; " a"Helia Jenny; Gabin Jean; Simon Simone; Brunius Jacques; B.; Brunoy Blanchette; Carette" aLE HAVRE ANNI '30 IL VICE CAPOSTAZIONE ROUBAUD, ACCECATO DALLA GELOSIA, UCCIDE GRANDMORIN UOMO RICCO E POTENTE AL QUALE LA MOGLIE SEVERINE SI ERA RIVOLTA PER FAVORIRE IL MARITO. JACQUES LANTIER, MACCHINISTA, UOMO DAL CARATTERE VIOLENTO E PASSIONALE ASSISTE PER CASO AL DELITTO. DAPPRIMA CON L'INTENTO DI TACITARLO, POI PERCHE' SE NE INNAMORA VERAMENTE, SEVERINE SEDUCE LANTIER. PER LIBERARSI DAL MARITO CONVINCE LANTIER AD UCCIDERLO... aPAL, STEREO aITALIANO aDRAMMATICOeDVD-FILM [DVD]xCodice MATERIA SPICS: 9947 aKosma Josephe(musica)gCodice Musica SPICS: 15815 aRenoir Jean e(regista)gCodice regista SPICS: 2117 aZola Emile e(soggetto)gCodice Soggetto SPICS: 58669